000
00503nam a2200169Ia 4500
008
090711s9999 xx 000 0 und d
082
_b
90085
100
_a
बनारसे वि. ब.
245
_a
रस नव्हे डोंगा
260
_c
1970
300
_a
132
600
_a
बनारसे वि. ब.
630
_a
रस नव्हे डोंगा
700
_a
बनारसे वि. ब.
730
_a
रस नव्हे डोंगा
942
_c
BOOK
999
_c
297443
_d
297443